000 00999nam a2200265Ia 4500
003 OSt
005 20221005103858.0
006 a|||||r|||| 00| 0
007 ta
008 221004b |||||||| |||| 00| 0 hin d
020 _a978 81 250 3236 3 (pbk)
_c900
024 _a88448
037 _b518, 25/03/2008, Vani Prakashan
_cTextual
040 _aCRL
_cCRL
_bhin
041 _2hin
_ahin
082 _aP0aO, 152P7
100 _aवर्मा, विमलेश कांति, संपा.
245 0 _aभाषा साहित्य और संस्कृति
246 _aBhāṣhā sāhitya aur sanskṛuti
260 _aदिल्ली
_bओरियंट लॉंग्मैन भारत
_c2007
300 _a420पृ0
_ccm.
650 _aहिन्दी भाषा
942 _hP0aO, 152P7
_cTEXL
_2cc
999 _c1011145
_d1011145